[Event "Chessca op U2000"]
[Site "Guelph CAN"]
[Date "2007.09.29"]
[Round "1"]
[White "Chan, Alex"]
[Black "Armstrong, Robert J"]
[Result "0-1"]
[WhiteElo "1630"]
[BlackElo "1771"]
[PlyCount "112"]
[GameId "2160767910579080"]
[EventDate "2007.09.28"]
[EventType "swiss"]
[EventRounds "5"]
[EventCountry "CAN"]

1. e4 g6 2. d4 Bg7 3. Nc3 d6 4. Nf3 Nf6 5. Be3 Ng4 6. Bf4 O-O 7. h3 Nf6 8. Qd2 c5 9. d5 a6 10. g4 b5 11. g5 b4 12. gxf6 bxc3 13. Qxc3 Bxf6 14. Qb3 Nd7 15. c3 Qa5 16. h4 Rb8 17. Qc2 Rxb2 18. Qxb2 Bxc3+ 19. Bd2 Bxb2 20. Bxa5 Bxa1 21. h5 Nf6 22. hxg6 fxg6 23. Ng5 Bd4 24. Ke2 Nh5 25. Rh2 Bg4+ 26. Ke1 h6 27. Ne6 Bxe6 28. dxe6 Kg7 29. Bd2 Rf6 30. Bc4 Nf4 31. Bxa6 g5 32. Bxf4 Rxf4 33. Bb7 c4 34. Ke2 c3 35. Kd3 Rxf2 36. Rxf2 Bxf2 37. Kxc3 Kf6 38. Bd5 Ke5 39. Kd3 Kf4 40. Ke2 Kg3 41. a4 h5 42. a5 g4 43. a6 h4 44. e5 dxe5 45. Bh1 Bd4 46. Kf1 h3 47. Be4 Kf4 48. Bh1 g3 49. Bd5 e4 50. Bc4 g2+ 51. Ke2 g1=Q 52. Kd2 Qe3+ 53. Kc2 Qc3+ 54. Kd1 Be3 55. Ke2 Qd2+ 56. Kf1 Qf2# 0-1

[Event "Chessca op U2000"]
[Site "Guelph CAN"]
[Date "2007.09.29"]
[Round "2"]
[White "Armstrong, Robert J"]
[Black "Scantland, Patrick"]
[Result "1-0"]
[WhiteElo "1771"]
[BlackElo "1646"]
[PlyCount "39"]
[GameId "2160767910579081"]
[EventDate "2007.09.28"]
[EventType "swiss"]
[EventRounds "5"]
[EventCountry "CAN"]

1. d4 Nf6 2. c4 e6 3. Nf3 d5 4. e3 c5 5. Bd3 Nc6 6. O-O Be7 7. Nc3 O-O 8. b3 a6 9. Bb2 Qc7 10. cxd5 exd5 11. dxc5 Bxc5 12. Rc1 Ba7 13. Bb1 Qe7 14. Nxd5 Nxd5 15. Qxd5 Be6 16. Qh5 h6 17. Ne5 Rad8 18. Rxc6 bxc6 19. Nxc6 Qb7 20. Qe5 1-0

[Event "Chessca op U2000"]
[Site "Guelph CAN"]
[Date "2007.09.29"]
[Round "3"]
[White "Bzikot, Robert"]
[Black "Armstrong, Robert J"]
[Result "1-0"]
[WhiteElo "1735"]
[BlackElo "1771"]
[PlyCount "71"]
[GameId "2160767910579082"]
[EventDate "2007.09.28"]
[EventType "swiss"]
[EventRounds "5"]
[EventCountry "CAN"]

1. e4 g6 2. d4 Bg7 3. Be3 d6 4. Nc3 Nf6 5. f3 O-O 6. Bc4 c6 7. Qd2 b5 8. Bb3 a5 9. a3 Nbd7 10. Nge2 Bb7 11. g4 Qc7 12. g5 Nh5 13. Ng3 b4 14. Nce2 c5 15. Nxh5 gxh5 16. Nf4 c4 17. Ba2 h4 18. Kf2 e5 19. Nh5 c3 20. bxc3 Qxc3 21. Qxc3 bxc3 22. Nxg7 Kxg7 23. Rab1 Ba6 24. d5 f5 25. gxf6+ Nxf6 26. Rhg1+ Kf7 27. Bc4 Bxc4 28. Rb7+ Ke8 29. Rgg7 Nxe4+ 30. Kg2 h3+ 31. Kg1 Rxf3 32. Rge7+ Kf8 33. Bh6+ Kg8 34. Rg7+ Kh8 35. Rxh7+ Kg8 36. Rbg7+ 1-0

[Event "Chessca op U2000"]
[Site "Guelph CAN"]
[Date "2007.09.30"]
[Round "4"]
[White "Armstrong, Robert J"]
[Black "Juma, Sadiq"]
[Result "1/2-1/2"]
[WhiteElo "1771"]
[BlackElo "1907"]
[PlyCount "101"]
[GameId "2160767910579083"]
[EventDate "2007.09.28"]
[EventType "swiss"]
[EventRounds "5"]
[EventCountry "CAN"]

1. d4 Nf6 2. c4 g6 3. Nc3 Bg7 4. e4 d6 5. f3 O-O 6. Be3 Nc6 7. Nge2 e5 8. d5 Ne7 9. g4 a6 10. Qd2 Rb8 11. Ng3 Bd7 12. Bh6 Ne8 13. h4 f5 14. gxf5 gxf5 15. Rg1 f4 16. Nh5 Ng6 17. Bg5 Qc8 18. Qh2 Kh8 19. Nxg7 Kxg7 20. h5 Nh8 21. Be7+ Kf7 22. Bxf8 Kxf8 23. Qg2 Ke7 24. Qg8 Nf7 25. Qxh7 Nf6 26. Qg6 Qh8 27. Qg2 Rg8 28. Qh2 Rxg1 29. Qxg1 Qxh5 30. Bg2 Ng5 31. Kf2 Qh4+ 32. Ke2 Nh5 33. Qf2 Ng3+ 34. Kd3 Qh2 35. Qd2 Qh5 36. Qf2 Qh2 37. Qd2 Bh3 38. Bxh3 Qxh3 39. Qf2 Qh5 40. Ne2 Qxf3+ 41. Qxf3 Nxf3 42. Nxg3 fxg3 43. Ke3 Nh4 44. Rg1 g2 45. Kf2 Kf6 46. Kg3 Kg5 47. Kh3 Kh5 48. Kg3 Kg5 49. b4 b6 50. a4 Kh5 51. Kh3 1/2-1/2

[Event "Chessca op U2000"]
[Site "Guelph CAN"]
[Date "2007.09.30"]
[Round "5"]
[White "Sherman, Joshua"]
[Black "Armstrong, Robert J"]
[Result "1-0"]
[WhiteElo "1705"]
[BlackElo "1771"]
[PlyCount "55"]
[GameId "2160767910579084"]
[EventDate "2007.09.28"]
[EventType "swiss"]
[EventRounds "5"]
[EventCountry "CAN"]

1. e4 g6 2. d4 Bg7 3. Nf3 d6 4. Bc4 Nf6 5. Qe2 O-O 6. O-O c5 7. dxc5 dxc5 8. Rd1 Qc7 9. Nc3 a6 10. e5 Ng4 11. Nd5 Qa5 12. Bd2 Qd8 13. Bf4 Qa5 14. Nxe7+ Kh8 15. Nxc8 Rxc8 16. Ng5 h5 17. Nxf7+ Kh7 18. Rd6 Nc6 19. Rxg6 Ne7 20. Re6 Qc7 21. Ng5+ Kh8 22. Qe4 Nf5 23. Qxf5 Bh6 24. Nf7+ Kg8 25. Nxh6+ Kh8 26. Nxg4 hxg4 27. Rh6+ Kg7 28. Rh7# 1-0

[Event "Easter op"]
[Site "Toronto CAN"]
[Date "2007.04.06"]
[Round "1"]
[White "Dowling, Bruce"]
[Black "Ferreira, Alex"]
[Result "1/2-1/2"]
[WhiteElo "1798"]
[BlackElo "2093"]
[PlyCount "66"]
[GameId "2160767910701381"]
[EventDate "2007.04.06"]
[EventType "swiss"]
[EventRounds "6"]
[EventCountry "CAN"]

1. Nf3 d5 2. g3 Nd7 3. Bg2 e5 4. d3 Be7 5. O-O g5 6. c4 g4 7. Nfd2 d4 8. e3 Nc5 9. Ne4 dxe3 10. Bxe3 Nxd3 11. Qe2 f5 12. Rd1 fxe4 13. Bxe4 c6 14. Qxd3 Qxd3 15. Rxd3 Nf6 16. Nc3 Bb4 17. Bg5 Nxe4 18. Nxe4 O-O 19. a3 Ba5 20. b4 Bc7 21. Nd6 Be6 22. c5 b6 23. Be7 bxc5 24. Rf3 c4 25. Nxc4 Bxc4 26. Rc1 h5 27. Re3 Rf5 28. Rce1 Bd5 29. Rf3 c5 30. a4 h4 31. a5 h3 32. Rxf5 a6 33. Ra1 Kh7 1/2-1/2

[Event "Easter op"]
[Site "Toronto CAN"]
[Date "2007.04.06"]
[Round "2"]
[White "Ferreira, Alex"]
[Black "Zhou, Haonan"]
[Result "1/2-1/2"]
[WhiteElo "2093"]
[BlackElo "1948"]
[PlyCount "50"]
[GameId "2160767910701382"]
[EventDate "2007.04.06"]
[EventType "swiss"]
[EventRounds "6"]
[EventCountry "CAN"]

1. g4 d5 2. Bg2 c6 3. h3 e5 4. d4 e4 5. c4 Bd6 6. Bf4 Ne7 7. Bg5 f6 8. Bh4 g5 9. Bg3 Bxg3 10. fxg3 Qd6 11. Kf2 f5 12. cxd5 cxd5 13. Qc1 fxg4 14. Bf3 Qf6 15. Kg2 Qe5 16. hxg4 exf3+ 17. Kh2 f2 18. Qf1 Nbc6 19. a3 Bf5 20. b4 h5 21. a4 a5 22. bxa5 Rf8 23. Nc3 Ra6 24. Rc1 Bd3 25. Ne4 Rxa5 1/2-1/2

[Event "Easter op"]
[Site "Toronto CAN"]
[Date "2007.04.07"]
[Round "4"]
[White "Ferreira, Alex"]
[Black "Hayder, Ali"]
[Result "0-1"]
[WhiteElo "2093"]
[BlackElo "2070"]
[PlyCount "48"]
[GameId "2160767910701383"]
[EventDate "2007.04.06"]
[EventType "swiss"]
[EventRounds "6"]
[EventCountry "CAN"]

1. e4 c5 2. Nf3 Nc6 3. d4 cxd4 4. Nxd4 e5 5. Nb5 a6 6. Nd6+ Bxd6 7. Qxd6 Qf6 8. Qd3 Nge7 9. Qa3 O-O 10. Nc3 Qg6 11. Be3 f5 12. Bc5 b6 13. Bxe7 Nxe7 14. Nd5 Nc6 15. Nxb6 Nb4 16. Qb3+ Nd5 17. Bd3 d6 18. h4 h6 19. Rd1 Kf7 20. a3 a5 21. g3 Bd7 22. exd5 Ba4 23. Nc4 Bxb3 24. Ne3 Ba4 0-1

[Event "Easter op"]
[Site "Toronto CAN"]
[Date "2007.04.08"]
[Round "5"]
[White "Nozari, Nosrat"]
[Black "Ferreira, Alex"]
[Result "1-0"]
[WhiteElo "1880"]
[BlackElo "2093"]
[PlyCount "107"]
[GameId "2160767910701384"]
[EventDate "2007.04.06"]
[EventType "swiss"]
[EventRounds "6"]
[EventCountry "CAN"]

1. d4 d5 2. c4 e5 3. dxe5 d4 4. e4 Nc6 5. f4 g5 6. Nf3 g4 7. Ng1 f6 8. exf6 Nxf6 9. e5 Ne4 10. g3 Bf5 11. a3 Nc5 12. b4 Be4 13. bxc5 Bxh1 14. Qxg4 Qd7 15. e6 Qg7 16. Qf5 Qg6 17. Bd3 Qxf5 18. Bxf5 Bxc5 19. Bb2 Ne7 20. Bd3 Rf8 21. Nd2 O-O-O 22. O-O-O Rd6 23. Re1 Rf6 24. f5 Ra6 25. Kc2 Kd8 26. g4 h6 27. Ne2 Bc6 28. Nxd4 Ba4+ 29. N4b3 Bxb3+ 30. Nxb3 Bf2 31. Re2 Bh4 32. c5 Ra4 33. h3 Nd5 34. Bb5 Rf4 35. c6 bxc6 36. Ba6 Rf8 37. Nd4 c5 38. Nc6+ Ke8 39. Bb5 Ne7 40. Ne5+ c6 41. Nxc6 Nxc6 42. Bxc6+ Ke7 43. Bb5 Rf2 44. Rxf2 Bxf2 45. Bg7 Rb8 46. Bxh6 Bd4 47. Bc4 Rb2+ 48. Kd3 Rh2 49. g5 Rxh3+ 50. Ke2 Rxa3 51. f6+ Bxf6 52. gxf6+ Kxf6 53. Bf8 Ra6 54. e7 1-0

[Event "Eastern Ontario op"]
[Site "Ottawa CAN"]
[Date "2007.06.08"]
[Round "1"]
[White "Cliff, Scott"]
[Black "Pacey, Kevin"]
[Result "0-1"]
[WhiteElo "2022"]
[BlackElo "2253"]
[PlyCount "56"]
[GameId "2160767910667722"]
[EventDate "2007.06.08"]
[EventType "swiss"]
[EventRounds "5"]
[EventCountry "CAN"]

1. d4 Nf6 2. c4 e6 3. Nc3 c5 4. d5 exd5 5. cxd5 d6 6. e4 g6 7. f4 Bg7 8. Bb5+ Nfd7 9. a4 Qh4+ 10. g3 Qe7 11. Nf3 a6 12. Bd3 O-O 13. O-O Nf6 14. e5 Nh5 15. Ne4 dxe5 16. d6 Qe8 17. fxe5 Nc6 18. Be3 Bg4 19. Bxc5 Nxe5 20. Be2 Nd7 21. Qc2 Bf5 22. Bd3 Bxe4 23. Bxe4 Nxc5 24. Qxc5 Qxe4 25. Rad1 Qxa4 26. d7 Rad8 27. Qd5 Nf6 28. Qxb7 Rxd7 0-1

[Event "Eastern Ontario op"]
[Site "Ottawa CAN"]
[Date "2007.06.09"]
[Round "2"]
[White "Pacey, Kevin"]
[Black "Cossette, Daniel"]
[Result "1-0"]
[WhiteElo "2253"]
[BlackElo "2093"]
[PlyCount "125"]
[GameId "2160767910667723"]
[EventDate "2007.06.08"]
[EventType "swiss"]
[EventRounds "5"]
[EventCountry "CAN"]

1. d4 d5 2. Nf3 e6 3. c4 c5 4. cxd5 exd5 5. Nc3 Nc6 6. g3 Nf6 7. Bg2 Be7 8. O-O O-O 9. dxc5 d4 10. Na4 Bf5 11. Bd2 Qd7 12. b4 Bh3 13. Nb2 Bxg2 14. Kxg2 Ne4 15. Nd3 Bf6 16. Qb3 Rfe8 17. Rad1 Ne7 18. Nde5 Bxe5 19. Nxe5 Qd5 20. Qxd5 Nxd5 21. Nf3 Nec3 22. Bxc3 Nxc3 23. Rxd4 Rxe2 24. Rd7 Rb8 25. a3 Ne4 26. c6 bxc6 27. Rxa7 c5 28. bxc5 Nxc5 29. Re1 Rxe1 30. Nxe1 h6 31. Rc7 Rb5 32. Nc2 Ne6 33. Rc8+ Kh7 34. Nb4 Kg6 35. Rc4 Kf5 36. a4 Re5 37. Nc6 Re2 38. a5 Ra2 39. Rb4 Ng5 40. Rb5+ Kg4 41. Ne5+ Kf5 42. Nxf7+ Kf6 43. Nd6 Ke7 44. Nc4 Ra4 45. Nb6 Ra2 46. h4 Nf7 47. Nc4 Ra4 48. Ne3 Nd6 49. Nf5+ Nxf5 50. Rxf5 Ke6 51. Rb5 Kf7 52. Kf3 Ra3+ 53. Ke4 Ra2 54. h5 Kg8 55. f4 Kh7 56. Kd5 Ra3 57. Kc6 Rxg3 58. a6 Ra3 59. Kb7 g6 60. hxg6+ Kxg6 61. a7 h5 62. Rb6+ Kf5 63. Ra6 1-0

[Event "Eastern Ontario op"]
[Site "Ottawa CAN"]
[Date "2007.06.10"]
[Round "5"]
[White "Djerkovic, Miladin"]
[Black "Pacey, Kevin"]
[Result "0-1"]
[WhiteElo "2299"]
[BlackElo "2253"]
[PlyCount "132"]
[GameId "2160767910667726"]
[EventDate "2007.06.08"]
[EventType "swiss"]
[EventRounds "5"]
[EventCountry "CAN"]

1. e4 e6 2. d4 d5 3. Nc3 Bb4 4. e5 c5 5. a3 Bxc3+ 6. bxc3 Qc7 7. Nf3 b6 8. Bb5+ Bd7 9. Bd3 Ba4 10. O-O Nd7 11. Bf4 h6 12. h4 Ne7 13. Qd2 c4 14. Be2 O-O-O 15. h5 Nb8 16. Nh4 Rdg8 17. Bg4 Bd7 18. Rae1 Nbc6 19. Bg3 Qd8 20. Re3 g6 21. f4 Nf5 22. Nxf5 gxf5 23. Bh3 Qf8 24. Ra1 f6 25. exf6 Qxf6 26. Qf2 Qf7 27. Qe2 Nd8 28. Bh4 Nb7 29. Kh2 Nd6 30. Rf1 Ne4 31. Rxe4 dxe4 32. Qxc4+ Kb7 33. Qb4 Rh7 34. c4 Qxh5 35. Bf6 Rxg2+ 36. Kxg2 Qg6+ 37. Kh2 Qxf6 38. c5 Rg7 39. cxb6 axb6 40. Rb1 e5 41. dxe5 Qg6 42. Qb3 Ba4 43. Qe3 Bxc2 44. Rb2 Rc7 45. Qd4 h5 46. Qd6 Qxd6 47. exd6 Rc5 48. Bxf5 Rxf5 49. Rxc2 Rxf4 50. Rc7+ Kb8 51. Re7 Rf2+ 52. Kg3 Rd2 53. Rxe4 Rxd6 54. Kh4 Rd5 55. a4 Kb7 56. Kg3 Rf5 57. Kh4 Ka6 58. Kg3 Ka5 59. Kh4 Rd5 60. Rf4 Rd3 61. Kxh5 Ra3 62. Kg5 Rxa4 63. Rf8 Re4 64. Kf5 Re1 65. Ra8+ Kb4 66. Kf4 b5 0-1

[Event "Edmonton CC Ottosen op"]
[Site "Edmonton CAN"]
[Date "2007.06.07"]
[Round "1"]
[White "Grumic, Sasha"]
[Black "Ventura, Jason"]
[Result "1-0"]
[WhiteElo "2177"]
[BlackElo "1845"]
[PlyCount "33"]
[GameId "2160767910667727"]
[EventDate "2007.06.07"]
[EventType "swiss"]
[EventRounds "4"]
[EventCountry "CAN"]

1. e4 c5 2. Nf3 d6 3. Bc4 e6 4. Qe2 Nc6 5. c3 Qb6 6. O-O g6 7. d4 cxd4 8. cxd4 Nxd4 9. Nxd4 Qxd4 10. Bb5+ Bd7 11. Bxd7+ Kxd7 12. Qb5+ Kc7 13. Be3 Qxe4 14. Rc1+ Kd8 15. Qa5+ Ke7 16. Bg5+ f6 17. Rc7+ 1-0

[Event "Edmonton CC Ottosen op"]
[Site "Edmonton CAN"]
[Date "2007.06.07"]
[Round "1"]
[White "Wihnon, Jason"]
[Black "Lopez Linares, Lizandro"]
[Result "1/2-1/2"]
[WhiteElo "1779"]
[BlackElo "2134"]
[PlyCount "130"]
[GameId "2160767910667728"]
[EventDate "2007.06.07"]
[EventType "swiss"]
[EventRounds "4"]
[EventCountry "CAN"]

1. e4 c6 2. d3 d5 3. Nd2 e5 4. g3 Nf6 5. Ngf3 Bd6 6. Bg2 O-O 7. O-O Re8 8. Re1 Nbd7 9. Nf1 d4 10. h3 Nf8 11. Kh2 Ng6 12. c3 c5 13. cxd4 cxd4 14. N1d2 a5 15. a3 a4 16. b3 Bd7 17. Nc4 Bf8 18. b4 b5 19. Na5 Rc8 20. Bb2 Qb6 21. Qd2 h5 22. Rac1 Rcd8 23. Rc2 h4 24. Rec1 hxg3+ 25. fxg3 Bd6 26. Nc6 Rc8 27. Na5 Ra8 28. Re1 Rad8 29. Rec1 Ne7 30. Rf1 Bb8 31. Rc5 Ng6 32. Rfc1 Bd6 33. R5c2 Rc8 34. Rxc8 Rxc8 35. Rxc8+ Bxc8 36. Qc2 Bd7 37. Bc1 Ne8 38. Ng5 Be7 39. Bf1 Nc7 40. Bg2 Na6 41. Qa2 Bxg5 42. Bxg5 Be6 43. Qc2 f6 44. Bd2 Ne7 45. Bf3 g6 46. Qc1 Bc8 47. g4 Qe6 48. Qe1 Qa2 49. Bg2 Qxa3 50. Qf2 Kg7 51. Bh6+ Kf7 52. Bg5 Bf5 53. exf5 fxg5 54. fxg6+ Kxg6 55. Bd5 Nxd5 56. Qf5+ Kg7 57. Qxg5+ Kf7 58. Qh5+ Ke6 59. Qf5+ Kd6 60. Qg6+ Ke7 61. Qg7+ Ke6 62. Qg6+ Ke7 63. Nc6+ Kd7 64. Nxe5+ Ke7 65. Nc6+ Kd7 1/2-1/2

[Event "Edmonton CC-ch"]
[Site "Edmonton CAN"]
[Date "2007.01.04"]
[Round "1"]
[White "Dean, Tim"]
[Black "Grumic, Sasha"]
[Result "0-1"]
[WhiteElo "2067"]
[BlackElo "2134"]
[PlyCount "70"]
[GameId "2160767910747800"]
[EventDate "2007.01.01"]
[EventType "tourn"]
[EventRounds "6"]
[EventCountry "CAN"]
[SourceTitle "EXT 2008"]
[Source "ChessBase"]
[SourceDate "2007.11.25"]
[SourceVersion "1"]
[SourceVersionDate "2007.11.25"]
[SourceQuality "1"]

1. e4 g6 2. d4 Bg7 3. Be3 c5 4. c3 Nf6 5. Nd2 O-O 6. dxc5 Nc6 7. Ngf3 b6 8. cxb6 Ng4 9. Bd4 e5 10. Bc5 d6 11. Bb5 Bb7 12. Bxc6 Bxc6 13. Ba3 Nxf2 14. Kxf2 Qxb6+ 15. Ke1 d5 16. Bxf8 Rxf8 17. Qe2 Qxb2 18. Nb3 Qxc3+ 19. Qd2 Qc4 20. Qe2 Qb4+ 21. Kf2 dxe4 22. Nfd2 Bh6 23. Qc4 Qb6+ 24. Ke1 e3 25. Ne4 e2 26. Qxe2 Qb4+ 27. Ned2 Rd8 28. Rd1 Bb5 29. Qe4 Qc3 30. Qf3 Rd3 31. Qa8+ Kg7 32. h4 Re3+ 33. Kf2 Re2+ 34. Kg1 Qe3+ 35. Kh2 Bf4# 0-1

[Event "Edmonton CC-ch reserves"]
[Site "Edmonton CAN"]
[Date "2007.01.01"]
[Round "6"]
[White "Wu, Yi Lun"]
[Black "Rekhson, Vladislav"]
[Result "0-1"]
[WhiteElo "1511"]
[BlackElo "2159"]
[PlyCount "72"]
[GameId "2160767910747803"]
[EventDate "2007.01.01"]
[EventType "tourn"]
[EventRounds "6"]
[EventCountry "CAN"]
[SourceTitle "EXT 2008"]
[Source "ChessBase"]
[SourceDate "2007.11.25"]
[SourceVersion "1"]
[SourceVersionDate "2007.11.25"]
[SourceQuality "1"]

1. d4 Nf6 2. Nf3 c5 3. dxc5 Na6 4. Nc3 e6 5. Bg5 Bxc5 6. e3 Qa5 7. Bxf6 gxf6 8. a3 Be7 9. Nd4 Nc7 10. Bb5 a6 11. b4 Bxb4 12. axb4 Qxb4 13. Qd3 axb5 14. Rxa8 Nxa8 15. Ndxb5 d5 16. O-O Bd7 17. Ra1 Nb6 18. Ra7 Bc6 19. Nd4 Kd7 20. Nxc6 Kxc6 21. Qd4 Qxd4 22. exd4 Ra8 23. Rxa8 Nxa8 24. Kf1 e5 25. Ne2 Kb5 26. Ke1 Kc4 27. dxe5 fxe5 28. Kd2 Nc7 29. f4 e4 30. f5 b5 31. Ng3 b4 32. Nh5 d4 33. Nf6 e3+ 34. Kd1 d3 35. cxd3+ Kxd3 36. Nxh7 b3 0-1

[Event "Edmonton Halloween op"]
[Site "Edmonton CAN"]
[Date "2007.10.04"]
[Round "1"]
[White "Bae, Torstein"]
[Black "Amasaib, Magdi"]
[Result "1-0"]
[WhiteElo "2383"]
[BlackElo "1868"]
[PlyCount "43"]
[GameId "2160767910579005"]
[EventDate "2007.10.04"]
[EventType "swiss"]
[EventRounds "4"]
[EventCountry "CAN"]
[SourceTitle "EXT 2022"]
[Source "ChessBase"]
[SourceDate "2021.10.06"]
[SourceVersion "1"]
[SourceVersionDate "2021.10.06"]
[SourceQuality "1"]

1. e4 e5 2. Nf3 Nc6 3. Bb5 d6 4. d4 exd4 5. Qxd4 Bd7 6. Bxc6 Bxc6 7. Nc3 Nf6 8. b3 Be7 9. Bb2 Qd7 10. O-O-O b6 11. e5 Bxf3 12. exf6 Bxf6 13. Qe3+ Be7 14. Qxf3 O-O 15. Nd5 Bg5+ 16. Kb1 c6 17. h4 cxd5 18. hxg5 Qe6 19. Rxh7 Kxh7 20. Qh5+ Kg8 21. Rh1 f5 22. g6 1-0

[Event "Edmonton Halloween op"]
[Site "Edmonton CAN"]
[Date "2007.10.04"]
[Round "1"]
[White "Gardner, Robert"]
[Black "Wihnon, Jason"]
[Result "1-0"]
[WhiteElo "2260"]
[BlackElo "1802"]
[PlyCount "67"]
[GameId "2160767910579006"]
[EventDate "2007.10.04"]
[EventType "swiss"]
[EventRounds "4"]
[EventCountry "CAN"]
[SourceTitle "EXT 2022"]
[Source "ChessBase"]
[SourceDate "2021.10.06"]
[SourceVersion "1"]
[SourceVersionDate "2021.10.06"]
[SourceQuality "1"]

1. d4 Nf6 2. c4 g6 3. Nc3 Bg7 4. e4 d6 5. Nf3 O-O 6. Be2 e5 7. d5 Na6 8. Nd2 c6 9. h4 cxd5 10. cxd5 Qb6 11. h5 h6 12. Nc4 Qc7 13. hxg6 fxg6 14. Bxh6 Bxh6 15. Rxh6 Kg7 16. Rh4 Rh8 17. Rxh8 Kxh8 18. Qd2 Kg7 19. Nb5 Qc5 20. Ncxd6 Ng4 21. Bxg4 Bxg4 22. Rc1 Qb6 23. Qg5 Rf8 24. Qxe5+ Kg8 25. Qd4 Qd8 26. e5 Qh4 27. Ne4 Qh1+ 28. Kd2 Qh6+ 29. Qe3 Qh5 30. Nf6+ Rxf6 31. exf6 Qxd5+ 32. Nd4 Qxg2 33. Re1 Nc7 34. f7+ 1-0

[Event "Edmonton Halloween op"]
[Site "Edmonton CAN"]
[Date "2007.10.04"]
[Round "1"]
[White "Hughey, Micah"]
[Black "Motuz, Vitaly"]
[Result "0-1"]
[WhiteElo "2120"]
[BlackElo "1794"]
[PlyCount "46"]
[GameId "2160767910579007"]
[EventDate "2007.10.04"]
[EventType "swiss"]
[EventRounds "4"]
[EventCountry "CAN"]
[SourceTitle "EXT 2022"]
[Source "ChessBase"]
[SourceDate "2021.10.06"]
[SourceVersion "1"]
[SourceVersionDate "2021.10.06"]
[SourceQuality "1"]

1. e4 d6 2. d4 Nf6 3. Nc3 g6 4. Bc4 Bg7 5. Qe2 c6 6. e5 dxe5 7. dxe5 Nd5 8. Bd2 O-O 9. O-O-O h6 10. Kb1 e6 11. h4 Nd7 12. Nf3 b5 13. Bd3 Nc5 14. h5 g5 15. Ne4 Nxd3 16. Qxd3 Qc7 17. Bc3 Nxc3+ 18. Qxc3 g4 19. Nd4 Qxe5 20. Qxc6 Rb8 21. f3 Rd8 22. c3 Bb7 23. Qc5 Bxe4+ 0-1

[Event "Edmonton Halloween op"]
[Site "Edmonton CAN"]
[Date "2007.10.04"]
[Round "1"]
[White "Reuter, Gerhard"]
[Black "Nygren, Leif"]
[Result "0-1"]
[WhiteElo "1695"]
[BlackElo "1675"]
[PlyCount "28"]
[GameId "2160767910579008"]
[EventDate "2007.10.04"]
[EventType "swiss"]
[EventRounds "4"]
[EventCountry "CAN"]
[SourceTitle "EXT 2022"]
[Source "ChessBase"]
[SourceDate "2021.10.06"]
[SourceVersion "1"]
[SourceVersionDate "2021.10.06"]
[SourceQuality "1"]

1. f4 d5 2. Nf3 Nc6 3. g3 Nf6 4. Bg2 b6 5. O-O Bb7 6. d4 Qd7 7. b3 e6 8. Ba3 O-O-O 9. c4 dxc4 10. bxc4 Nxd4 11. Ne5 Nf3+ 12. Bxf3 Qxd1 13. Rxd1 Rxd1+ 14. Kf2 Bxa3 0-1

[Event "Edmonton Halloween op"]
[Site "Edmonton CAN"]
[Date "2007.10.04"]
[Round "1"]
[White "Seehagen, Terry"]
[Black "Sponga, George"]
[Result "0-1"]
[WhiteElo "1689"]
[BlackElo "1552"]
[PlyCount "70"]
[GameId "2160767910579009"]
[EventDate "2007.10.04"]
[EventType "swiss"]
[EventRounds "4"]
[EventCountry "CAN"]
[SourceTitle "EXT 2022"]
[Source "ChessBase"]
[SourceDate "2021.10.06"]
[SourceVersion "1"]
[SourceVersionDate "2021.10.06"]
[SourceQuality "1"]

1. e4 e5 2. Nf3 d6 3. d4 exd4 4. Bc4 h6 5. c3 dxc3 6. Qb3 Qe7 7. Nxc3 c6 8. O-O Nd7 9. Bf4 Nc5 10. Qa3 b5 11. Bxb5 Bb7 12. Rad1 Qf6 13. Nd5 Qd8 14. Ba4 Qd7 15. Ne3 Nxe4 16. Rfe1 Ngf6 17. Nd5 O-O-O 18. Rxe4 Nxe4 19. b4 Qf5 20. Qe3 c5 21. bxc5 Nxc5 22. Qc1 Bxd5 23. Nd4 Qg6 24. Bg3 a6 25. Rd2 Bb7 26. Bc2 Qf6 27. Bf5+ Rd7 28. Bh3 Kd8 29. Qb2 Be7 30. Rc2 Ke8 31. Bxd7+ Kxd7 32. Rxc5 Rb8 33. Rf5 Qg6 34. Qd2 Be4 35. Ra5 Rb1+ 0-1

[Event "Edmonton Halloween op"]
[Site "Edmonton CAN"]
[Date "2007.10.11"]
[Round "2"]
[White "Amasaib, Magdi"]
[Black "Thompson, Peter"]
[Result "0-1"]
[WhiteElo "1868"]
[BlackElo "1732"]
[PlyCount "120"]
[GameId "2160767910579010"]
[EventDate "2007.10.04"]
[EventType "swiss"]
[EventRounds "4"]
[EventCountry "CAN"]
[SourceTitle "EXT 2022"]
[Source "ChessBase"]
[SourceDate "2021.10.06"]
[SourceVersion "1"]
[SourceVersionDate "2021.10.06"]
[SourceQuality "1"]

1. e4 c6 2. d4 d5 3. Nc3 dxe4 4. Nxe4 Bf5 5. Ng3 Bg6 6. Nf3 Nf6 7. Bc4 e6 8. Bg5 Be7 9. c3 Nbd7 10. Qd2 O-O 11. O-O c5 12. Nh4 cxd4 13. Nxg6 hxg6 14. cxd4 Nb6 15. Bb3 Nbd5 16. Rac1 Qb6 17. Be3 Rad8 18. Qd1 e5 19. Ne2 Nxe3 20. fxe3 Ng4 21. Qd3 Bg5 22. Rf3 exd4 23. Nxd4 Rxd4 24. exd4 Bxc1 25. h3 Nh6 26. Kh1 Bxb2 27. d5 Qd4 28. Qb5 Qe5 29. Bc4 Nf5 30. Qxb7 Nd6 31. Qb3 Nxc4 32. Qxc4 Rd8 33. d6 Qe6 34. Qb5 Bf6 35. Qa6 Rxd6 36. Qxa7 Rd1+ 37. Kh2 Qd6+ 38. g3 Qd4 39. Qxd4 Bxd4 40. a3 Rd2+ 41. Kh1 Ra2 42. g4 Bc5 43. Rc3 Bxa3 44. Rc8+ Bf8 45. Rb8 f5 46. Rc8 Kf7 47. Rc4 Bd6 48. Rc3 Kf6 49. Rf3 Kg5 50. gxf5 gxf5 51. h4+ Kg4 52. Rf1 Kg3 53. Rg1+ Kxh4 54. Rxg7 Kh3 55. Rh7+ Kg3 56. Rg7+ Kf3 57. Rg2 Ra1+ 58. Rg1 Rxg1+ 59. Kxg1 Ke2 60. Kg2 f4 0-1

[Event "Edmonton Halloween op"]
[Site "Edmonton CAN"]
[Date "2007.10.11"]
[Round "2"]
[White "Borger, Rocky"]
[Black "Seehagen, Terry"]
[Result "0-1"]
[WhiteElo "1345"]
[BlackElo "1689"]
[PlyCount "68"]
[GameId "2160767910579011"]
[EventDate "2007.10.04"]
[EventType "swiss"]
[EventRounds "4"]
[EventCountry "CAN"]
[SourceTitle "EXT 2022"]
[Source "ChessBase"]
[SourceDate "2021.10.06"]
[SourceVersion "1"]
[SourceVersionDate "2021.10.06"]
[SourceQuality "1"]

1. e4 d5 2. exd5 Nf6 3. c4 c6 4. Nc3 cxd5 5. d4 Bf5 6. Nf3 e6 7. Bf4 Bb4 8. Qa4+ Nc6 9. Ne5 Bxc3+ 10. bxc3 Qb6 11. c5 Qb2 12. Rc1 O-O 13. f3 Nxe5 14. dxe5 b5 15. Qd1 Nd7 16. h4 h6 17. g4 Bh7 18. Bd3 Bxd3 19. Qxd3 Nxc5 20. Qe2 Qxe2+ 21. Kxe2 Rfc8 22. h5 Na4 23. Bd2 Nb6 24. g5 hxg5 25. Bxg5 Kh7 26. Rcg1 Rxc3 27. Bf6 gxf6 28. exf6 Rg8 29. Rxg8 Kxg8 30. Rg1+ Kf8 31. Rg7 Nd7 32. Rh7 Nxf6 33. Rh8+ Kg7 34. Ra8 Rc2+ 0-1

[Event "Edmonton Halloween op"]
[Site "Edmonton CAN"]
[Date "2007.10.11"]
[Round "2"]
[White "Gardner, Robert"]
[Black "Hughey, Micah"]
[Result "1/2-1/2"]
[WhiteElo "2260"]
[BlackElo "2120"]
[PlyCount "27"]
[GameId "2160767910579012"]
[EventDate "2007.10.04"]
[EventType "swiss"]
[EventRounds "4"]
[EventCountry "CAN"]
[SourceTitle "EXT 2022"]
[Source "ChessBase"]
[SourceDate "2021.10.06"]
[SourceVersion "1"]
[SourceVersionDate "2021.10.06"]
[SourceQuality "1"]

1. b3 e5 2. Bb2 Nc6 3. g3 d5 4. Bg2 Nf6 5. c4 Be6 6. d3 Bd6 7. Nd2 h6 8. Rc1 Qe7 9. d4 Bg4 10. h3 Bh5 11. g4 Bg6 12. e4 dxe4 13. dxe5 Bxe5 14. Qf3 1/2-1/2